Arte primitiva (Record no. 45463)

MARC details
000 -Etiqueta do registo
Valores 00623cam a2200205 4500
100 ## - Dados gerais de processamento
Dados gerais 19910307d1943 km y0pory50030103ba
101 1# - Língua de publicação
Língua por
102 ## - País de publicação
País PT
200 1# - Titulo e menção de responsabilidade
Título próprio Arte primitiva
Primeira menção de responsabilidade L. Adam
Outras menções de responsabilidade trad. Edmundo Curvelo
210 #9 - Publicação
Local de publicação Lisboa
Nome do editor Edições Cosmos,
Data de publicação imp. 1943
215 ## - Descrição física 
Paginação / Volumes 189, [3] p., [8] p.
Outras indicações físicas il.
Dimensões 19 cm
225 2# - Colecção 
Título próprio da colecção Biblioteca Cosmos
Indicação de volume 42-43.
Número de parte ou secção 2.ª Seccão,
Nome de parte ou secção Artes e Letras
Indicação de volume 8-9
317 ## - Nota de proveniência
Texto da nota Biblioteca Matilde Rosa Araújo
675 ## - CDU
Notação 7.031
Edição BN
Língua por
700 #1 - Autor principal
Apelido Adam,
Nome Lucien,
Datas 1833-1918
702 #1 - Autor secundário
Apelido Curvelo,
Nome Edmundo,
Datas 1913-1954
Função 730
801 #0 - Fonte de origem
País PT
Agência BN
Regras de catalogação RPC
990 ## - Elementos KOHA
Tipo de documento Livro
Holdings
Aquisição Empréstimo Código de barras Cota Permissão de empréstimo Tipo de documento Nota relativa ao exemplar
Biblioteca Municipal de Redondo Biblioteca Municipal de Redondo 056179 7.031 ADA Consulta presencial Livro oferta de Vergílio Ambrósio

Powered by Koha